Largest One Syllable U.S. Cities - Statistics

General Stats
  • This quiz has been taken 16 times
  • The average score is 4 of 12
Answer Stats
State Pop. City % Correct
MI 79,306 Flint
73%
IA 68,220 Ames
53%
OR 107,342 Bend
53%
WA 134,871 Kent
40%
NV 111,902 Sparks
33%
MI 88,733 Troy
33%
NY 50,912 Troy
33%
MA 104,236 Lynn
27%
SC 50,007 Greer
7%
TX 69,917 Kyle
7%
OK 63,609 Moore
7%
TX 80,830 Pharr
7%
No matching quizzes found
Score Distribution
Percent of People with Each Score
Percentile by Number Answered
Your Score History
You have not taken this quiz